<?xml version="1.0" encoding="UTF-8"?><?xml-stylesheet type="text/xsl" href="static/style.xsl"?><OAI-PMH xmlns="http://www.openarchives.org/OAI/2.0/" xmlns:xsi="http://www.w3.org/2001/XMLSchema-instance" xsi:schemaLocation="http://www.openarchives.org/OAI/2.0/ http://www.openarchives.org/OAI/2.0/OAI-PMH.xsd"><responseDate>2026-06-07T05:49:39Z</responseDate><request verb="GetRecord" identifier="oai:riuma.uma.es:10630/26963" metadataPrefix="marc">https://riuma.uma.es/rest/oai/request</request><GetRecord><record><header><identifier>oai:riuma.uma.es:10630/26963</identifier><datestamp>2026-02-03T10:58:22Z</datestamp><setSpec>com_10630_2254</setSpec><setSpec>col_10630_37953</setSpec></header><metadata><record xmlns="http://www.loc.gov/MARC21/slim" xmlns:dcterms="http://purl.org/dc/terms/" xmlns:doc="http://www.lyncode.com/xoai" xmlns:xsi="http://www.w3.org/2001/XMLSchema-instance" xsi:schemaLocation="http://www.loc.gov/MARC21/slim http://www.loc.gov/standards/marcxml/schema/MARC21slim.xsd">
   <leader>00925njm 22002777a 4500</leader>
   <datafield ind2=" " ind1=" " tag="042">
      <subfield code="a">dc</subfield>
   </datafield>
   <datafield ind2=" " ind1=" " tag="720">
      <subfield code="a">Martínez-Cal, Jesús</subfield>
      <subfield code="e">author</subfield>
   </datafield>
   <datafield ind2=" " ind1=" " tag="720">
      <subfield code="a">Molina-Torres, Guadalupe</subfield>
      <subfield code="e">author</subfield>
   </datafield>
   <datafield ind2=" " ind1=" " tag="720">
      <subfield code="a">Carrasco-Vega, Elio</subfield>
      <subfield code="e">author</subfield>
   </datafield>
   <datafield ind2=" " ind1=" " tag="720">
      <subfield code="a">Barni, Luca</subfield>
      <subfield code="e">author</subfield>
   </datafield>
   <datafield ind2=" " ind1=" " tag="720">
      <subfield code="a">Ventura-Miranda, María Isabel</subfield>
      <subfield code="e">author</subfield>
   </datafield>
   <datafield ind2=" " ind1=" " tag="720">
      <subfield code="a">González-Sánchez, Manuel</subfield>
      <subfield code="e">author</subfield>
   </datafield>
   <datafield ind2=" " ind1=" " tag="260">
      <subfield code="c">2023-03-21</subfield>
   </datafield>
   <datafield ind2=" " ind1=" " tag="520">
      <subfield code="a">Objectives: The aim of this study was the cultural adaptation, Spanish translation and validation of the Oslo Sports Trauma Research Centre (OSTRC) Overuse Injury Questionnaire in an adult population.&#xd;
Design: In this study, a cross-sectional design was used.&#xd;
Methods: This study was divided into two phases: (1) cross-cultural adaptation of the original version of the OSTRC to a Spanish version (OSTRC-Sp) and (2) analysis of the psychometric properties of the OSTRC-Sp. A total of 427 handball players of both sexes and over 18 years of age participated in the study.&#xd;
Results: The translated version of the questionnaire showed a very high internal consistency (Cronbach's α = 0.954), while the subscales showed an internal consistency between 0.832 and 0.961, with the endmost values being for shoulder and low back pain, respectively. On the other hand, when analysing item responses, the OSTRC-Sp showed ICC values ranging from 0.844 to 0.956, the former being for the first back question (back_1), and the latter for the fourth shoulder question (shoulder_4), in line with most published versions.&#xd;
Conclusion: The Spanish version of the OSTRC is a reliable and valid tool that can be used by researchers and clinicians in a Spanish-speaking population with musculoskeletal disorders.</subfield>
   </datafield>
   <datafield ind1="8" ind2=" " tag="024">
      <subfield code="a">Martínez-Cal J, Molina-Torres G, Carrasco-Vega E, Barni L, Ventura-Miranda MI, Gonzalez-Sanchez M. Spanish Cross-Cultural Adaptation and Validation of the Oslo Sports Trauma Research Centre (OSTRC) Overuse Injury Questionnaire in Handball Players. Healthcare. 2023; 11(6):912. https://doi.org/10.3390/healthcare11060912</subfield>
   </datafield>
   <datafield ind1="8" ind2=" " tag="024">
      <subfield code="a">https://hdl.handle.net/10630/26963</subfield>
   </datafield>
   <datafield ind1="8" ind2=" " tag="024">
      <subfield code="a">https://doi.org/10.3390/healthcare11060912</subfield>
   </datafield>
   <datafield tag="653" ind2=" " ind1=" ">
      <subfield code="a">Lesiones y heridas</subfield>
   </datafield>
   <datafield tag="653" ind2=" " ind1=" ">
      <subfield code="a">Balonmano</subfield>
   </datafield>
   <datafield tag="653" ind2=" " ind1=" ">
      <subfield code="a">Cuestionario</subfield>
   </datafield>
   <datafield ind2="0" ind1="0" tag="245">
      <subfield code="a">Spanish cross-cultural adaptation and validation of the Oslo Sports Trauma Research Centre (OSTRC) overuse injury questionnaire in handball players</subfield>
   </datafield>
</record>
</metadata></record></GetRecord></OAI-PMH>